HM Revenue and Customs (Record no. 120446)
[ view plain ]
| 000 -LEADER | |
|---|---|
| fixed length control field | 01130cam a2200193 4500 |
| 001 - CONTROL NUMBER | |
| control field | L129551 |
| 008 - FIXED-LENGTH DATA ELEMENTS--GENERAL INFORMATION | |
| fixed length control field | 000000n2005 000 0 eng u |
| 035 ## - SYSTEM CONTROL NUMBER | |
| System control number | (Sirsi) u129551 |
| 041 ## - LANGUAGE CODE | |
| Language code of text/sound track or separate title | eng |
| 110 ## - MAIN ENTRY--CORPORATE NAME | |
| Corporate name or jurisdiction name as entry element | HM Revenue and Customs |
| 9 (RLIN) | 4702 |
| 245 ## - TITLE STATEMENT | |
| Title | HM Revenue and Customs |
| Medium | [electronic resource] |
| 260 ## - PUBLICATION, DISTRIBUTION, ETC. | |
| Date of publication, distribution, etc. | 2006 |
| 260 ## - PUBLICATION, DISTRIBUTION, ETC. | |
| Date of publication, distribution, etc. | 2005 |
| 520 ## - SUMMARY, ETC. | |
| Summary, etc. | HM Revenue and Customs (HMRC) is the new department responsible for the business of the former Inland Revenue and HM Customs and Excise. HMRC website provides information and services to businesses and corporations relating to Corporation Tax, VAT, imports and exports, starting a business and other topics. Further sections cover information for new employers and self-assessment. A wide range of do-it-online services can be accessed directly such as eVAT, Corporation Tax, PAYE for employers. Also links to leaflets and booklets, rates and allowances and what's new. |
| 590 ## - LOCAL NOTE (RLIN) | |
| Local note | IKA190505 |
| 690 ## - LOCAL SUBJECT ADDED ENTRY--TOPICAL TERM (OCLC, RLIN) | |
| Topical term or geographic name as entry element | PROPERTY-RESIDENTIAL PROPERTY-RESIDENTIAL PROPERTY TAXATION |
| 856 ## - ELECTRONIC LOCATION AND ACCESS | |
| Uniform Resource Identifier | <a href="https://www.hmrc.gov.uk/">https://www.hmrc.gov.uk/</a> |
| Public note | View the website free of charge at www.hmrc.gov.uk |
| 942 ## - ADDED ENTRY ELEMENTS (KOHA) | |
| Suppress in OPAC | 0 |
| Withdrawn status | Lost status | Source of classification or shelving scheme | Damaged status | Not for loan | Home library | Current library | Shelving location | Date acquired | Total Checkouts | Full call number | Barcode | Date last seen | Copy number | Price effective from | Koha item type |
|---|---|---|---|---|---|---|---|---|---|---|---|---|---|---|---|
| Dewey Decimal Classification | Virtual | Virtual | Online | 28/04/2005 | WEBSITE | 129551-2001 | 06/08/2019 | 1 | 06/08/2019 | Online material |